[Event "WCO 2016"]
[Site "?"]
[Date "2016.09.13"]
[Round "11"]
[Board "32"]
[WhiteID "2105446"]
[White "Di Berardino Diego Rafael"]
[BlackID "1634852"]
[Black "Dragnev Valentin"]
[Result "1/2-1/2"]
[BlackElo "2430"]
[WhiteElo "2499"]
[LiveChessVersion "1.4.8"]

1. e4 {[%clk 1:30:55]} e5 {[%clk 1:30:56]} 2. Nf3 {[%clk 1:31:18]} Nc6
{[%clk 1:31:22]} 3. Bb5 {[%clk 1:31:15]} a6 {[%clk 1:31:47]} 4. Ba4
{[%clk 1:31:39]} Nf6 {[%clk 1:32:14]} 5. O-O {[%clk 1:31:24]} Be7
{[%clk 1:32:22]} 6. Re1 {[%clk 1:31:38]} b5 {[%clk 1:32:49]} 7. Bb3
{[%clk 1:32:03]} d6 {[%clk 1:33:15]} 8. c3 {[%clk 1:32:24]} O-O {[%clk 1:33:41]}
9. h3 {[%clk 1:32:18]} Nb8 {[%clk 1:34:02]} 10. d4 {[%clk 1:32:02]} Nbd7
{[%clk 1:34:28]} 11. Nbd2 {[%clk 1:31:53]} Bb7 {[%clk 1:34:50]} 12. Bc2
{[%clk 1:31:38]} Re8 {[%clk 1:35:03]} 13. Nf1 {[%clk 1:31:31]} Bf8
{[%clk 1:35:28]} 14. Ng3 {[%clk 1:31:56]} g6 {[%clk 1:35:55]} 15. a4
{[%clk 1:31:35]} c5 {[%clk 1:35:55]} 16. d5 {[%clk 1:30:19]} c4 {[%clk 1:35:47]}
17. Bg5 {[%clk 1:30:15]} Nc5 {[%clk 1:35:52]} 18. Qd2 {[%clk 1:29:26]} Be7
{[%clk 1:36:16]} 19. Bh6 {[%clk 1:28:22]} Nfd7 {[%clk 1:34:11]} 20. Nh2
{[%clk 1:26:12]} Nxa4 {[%clk 1:24:35]} 21. Bxa4 {[%clk 1:25:46]} bxa4
{[%clk 1:25:02]} 22. Rxa4 {[%clk 1:24:03]} a5 {[%clk 0:57:12]} 23. Be3
{[%clk 1:17:17]} Ba6 {[%clk 0:55:30]} 24. Ng4 {[%clk 1:17:37]} Nf6
{[%clk 0:49:14]} 25. Nh6+ {[%clk 1:14:34]} Kg7 {[%clk 0:41:57]} 26. Rf1
{[%clk 1:03:06]} Ng8 {[%clk 0:35:56]} 27. Kh2 {[%clk 0:37:37]} Bh4
{[%clk 0:27:47]} 28. Ne2 {[%clk 0:23:54]} Bb5 {[%clk 0:21:27]} 29. Raa1
{[%clk 0:24:19]} Bd7 {[%clk 0:21:28]} 30. g3 {[%clk 0:14:48]} Bf6
{[%clk 0:19:45]} 31. g4 {[%clk 0:09:56]} Nxh6 {[%clk 0:02:26]} 32. Bxh6+
{[%clk 0:04:48]} Kg8 {[%clk 0:02:54]} 33. Ng3 {[%clk 0:04:41]} Bh8
{[%clk 0:00:56]} 34. Kg2 {[%clk 0:02:16]} Rb8 {[%clk 0:01:05]} 35. f4
{[%clk 0:01:11]} exf4 {[%clk 0:01:02]} 36. Bxf4 {[%clk 0:01:37]} Be5
{[%clk 0:01:13]} 37. Rf2 {[%clk 0:01:55]} Rb7 {[%clk 0:00:44]} 38. Raf1
{[%clk 0:02:14]} Bc8 {[%clk 0:00:42]} 39. Bxe5 {[%clk 0:01:09]} Rxe5
{[%clk 0:00:47]} 40. Rf6 {[%clk 0:31:14]} Qe7 {[%clk 0:30:33]} 41. R1f2
{[%clk 0:28:33]} Bf5 {[%clk 0:16:16]} 42. Nxf5 {[%clk 0:28:03]} gxf5
{[%clk 0:14:21]} 43. R6xf5 {[%clk 0:25:17]} Rxe4 {[%clk 0:10:43]} 44. Qh6
{[%clk 0:21:22]} Re5 {[%clk 0:07:42]} 45. Rxf7 {[%clk 0:15:12]} Qxf7
{[%clk 0:07:58]} 46. Rxf7 {[%clk 0:15:38]} Rxf7 {[%clk 0:08:22]} 47. Qxd6
{[%clk 0:15:48]} Re2+ {[%clk 0:06:07]} 48. Kg3 {[%clk 0:16:12]} Re3+
{[%clk 0:04:18]} 49. Kh4 {[%clk 0:16:35]} Rff3 {[%clk 0:04:45]} 50. Kg5
{[%clk 0:09:52]} Rxh3 {[%clk 0:04:21]} 51. Qd8+ {[%clk 0:09:51]} Kg7
{[%clk 0:04:50]} 52. Qc7+ {[%clk 0:10:04]} Kf8 {[%clk 0:04:05]} 53. d6
{[%clk 0:05:42]} Rd3 {[%clk 0:04:30]} 54. Qd8+ {[%clk 0:04:50]} Kf7
{[%clk 0:04:45]} 55. Qe7+ {[%clk 0:05:07]} Kg8 {[%clk 0:05:15]} 56. Qe6+
{[%clk 0:02:39]} Kg7 {[%clk 0:04:36]} 57. Qd7+ {[%clk 0:03:05]} Kf8
{[%clk 0:04:39]} 58. Qc8+ {[%clk 0:02:54]} Kg7 {[%clk 0:05:01]} 59. Qb7+
{[%clk 0:01:41]} Kf8 {[%clk 0:05:16]} 60. Qb8+ {[%clk 0:01:42]} Kf7
{[%clk 0:05:24]} 61. Qc7+ {[%clk 0:01:48]} Kf8 {[%clk 0:05:43]} 62. d7
{[%clk 0:01:28]} Rd5+ {[%clk 0:06:00]} 63. Kf4 {[%clk 0:01:47]} Rhd3
{[%clk 0:06:25]} 64. Qd8+ {[%clk 0:01:46]} Kg7 {[%clk 0:06:27]} 65. Qe7+
{[%clk 0:02:11]} Kg6 {[%clk 0:06:55]} 66. Qe6+ {[%clk 0:02:09]} Kg7
{[%clk 0:07:22]} 67. Qe7+ {[%clk 0:02:06]} Kg6 {[%clk 0:07:29]} 68. Qe4+
{[%clk 0:02:14]} Kg7 {[%clk 0:07:54]} 69. Qe7+ {[%clk 0:01:12]} 1/2-1/2

[Event "WCO 2016"]
[Site "?"]
[Date "2016.09.13"]
[Round "11"]
[Board "1"]
[WhiteID "912417"]
[White "Ivanisevic Ivan"]
[BlackID "24116068"]
[Black "Giri Anish"]
[Result "1/2-1/2"]
[BlackElo "2755"]
[WhiteElo "2650"]
[LiveChessVersion "1.4.8"]

1. d4 {[%clk 1:30:59]} d5 {[%clk 1:30:56]} 2. c4 {[%clk 1:31:25]} c6
{[%clk 1:31:23]} 3. cxd5 {[%clk 1:31:19]} cxd5 {[%clk 1:31:49]} 4. Nc3
{[%clk 1:31:45]} Nf6 {[%clk 1:32:12]} 5. Bg5 {[%clk 1:32:08]} Ne4
{[%clk 1:24:00]} 6. Nxe4 {[%clk 1:32:32]} dxe4 {[%clk 1:24:27]} 7. a3
{[%clk 1:32:53]} Qd5 {[%clk 1:20:19]} 8. Bh4 {[%clk 1:32:31]} e3 {[%clk 1:14:50]}
9. fxe3 {[%clk 1:31:30]} Nc6 {[%clk 1:14:29]} 10. Nf3 {[%clk 1:31:49]} Bf5
{[%clk 1:13:52]} 11. g4 {[%clk 1:26:58]} Bxg4 {[%clk 1:08:35]} 12. Bg2
{[%clk 1:25:13]} Bf5 {[%clk 1:08:20]} 13. O-O {[%clk 1:23:10]} Be4
{[%clk 1:08:38]} 14. Qe1 {[%clk 1:12:18]} f6 {[%clk 0:58:55]} 15. Rc1
{[%clk 0:50:44]} e6 {[%clk 0:55:16]} 16. Bh3 {[%clk 0:47:50]} Bf5
{[%clk 0:52:02]} 17. Bg2 {[%clk 0:38:04]} Be4 {[%clk 0:52:22]} 18. Bh3
{[%clk 0:29:49]} Bf5 {[%clk 0:49:20]} 19. Bg2 {[%clk 0:29:21]} Be4
{[%clk 0:49:33]} 20. Bh3 {[%clk 0:28:42]} 1/2-1/2

[Event "WCO 2016"]
[Site "?"]
[Date "2016.09.13"]
[Round "11"]
[Board "2"]
[WhiteID "1007998"]
[White "L'Ami Erwin"]
[BlackID "921637"]
[Black "Markus Robert"]
[Result "0-1"]
[BlackElo "2662"]
[WhiteElo "2611"]
[LiveChessVersion "1.4.8"]

1. d4 {[%clk 1:30:56]} Nf6 {[%clk 1:30:55]} 2. c4 {[%clk 1:31:15]} g6
{[%clk 1:31:20]} 3. Nf3 {[%clk 1:31:17]} Bg7 {[%clk 1:31:44]} 4. g3
{[%clk 1:31:38]} O-O {[%clk 1:31:43]} 5. Bg2 {[%clk 1:32:01]} d6 {[%clk 1:31:20]}
6. Nc3 {[%clk 1:32:22]} Nbd7 {[%clk 1:28:43]} 7. O-O {[%clk 1:32:39]} e5
{[%clk 1:29:08]} 8. e4 {[%clk 1:32:36]} c6 {[%clk 1:28:19]} 9. h3
{[%clk 1:32:50]} Re8 {[%clk 1:22:07]} 10. Re1 {[%clk 1:29:37]} exd4
{[%clk 1:21:33]} 11. Nxd4 {[%clk 1:29:56]} a5 {[%clk 1:18:50]} 12. b3
{[%clk 1:26:17]} h6 {[%clk 1:17:26]} 13. Bf4 {[%clk 1:16:55]} Nc5
{[%clk 1:14:07]} 14. Qc2 {[%clk 1:11:44]} Nh7 {[%clk 1:00:55]} 15. Rad1
{[%clk 1:07:30]} Ng5 {[%clk 0:59:10]} 16. Kh2 {[%clk 1:04:23]} Qb6
{[%clk 0:45:55]} 17. Bxd6 {[%clk 0:42:43]} Bxh3 {[%clk 0:45:20]} 18. f4
{[%clk 0:40:36]} Rad8 {[%clk 0:34:02]} 19. e5 {[%clk 0:36:08]} Bg4
{[%clk 0:34:18]} 20. fxg5 {[%clk 0:25:11]} Bxd1 {[%clk 0:34:18]} 21. Qxd1
{[%clk 0:22:37]} hxg5 {[%clk 0:31:57]} 22. Nf3 {[%clk 0:15:26]} g4
{[%clk 0:27:49]} 23. Nd2 {[%clk 0:14:37]} Rxd6 {[%clk 0:23:49]} 24. exd6
{[%clk 0:15:00]} Rxe1 {[%clk 0:24:17]} 25. Qxe1 {[%clk 0:15:23]} Bxc3
{[%clk 0:24:41]} 26. Qe8+ {[%clk 0:08:56]} Kg7 {[%clk 0:24:27]} 27. d7
{[%clk 0:09:07]} Bf6 {[%clk 0:18:25]} 28. Ne4 {[%clk 0:09:07]} Nxe4
{[%clk 0:17:55]} 29. Qxe4 {[%clk 0:09:26]} Qf2 {[%clk 0:13:15]} 30. Qxg4
{[%clk 0:08:55]} Qd2 {[%clk 0:11:32]} 31. a3 {[%clk 0:04:51]} Be7
{[%clk 0:08:13]} 32. c5 {[%clk 0:03:01]} f5 {[%clk 0:03:16]} 33. Qc4
{[%clk 0:03:01]} Qxd7 {[%clk 0:02:28]} 34. Qc3+ {[%clk 0:03:21]} Bf6
{[%clk 0:02:19]} 35. Qxa5 {[%clk 0:03:31]} Be5 {[%clk 0:02:45]} 36. Qe1
{[%clk 0:02:17]} Qd4 {[%clk 0:03:01]} 37. b4 {[%clk 0:02:05]} Kf6
{[%clk 0:02:20]} 38. b5 {[%clk 0:01:03]} cxb5 {[%clk 0:02:13]} 39. Qb4
{[%clk 0:00:52]} Qe3 {[%clk 0:01:25]} 40. Qh4+ {[%clk 0:30:58]} Ke6
{[%clk 0:31:34]} 41. Bxb7 {[%clk 0:28:41]} Qxc5 {[%clk 0:28:50]} 42. Qg5
{[%clk 0:20:40]} Kf7 {[%clk 0:27:36]} 43. Kh3 {[%clk 0:20:15]} Qxa3
{[%clk 0:26:45]} 44. Bd5+ {[%clk 0:19:42]} Kg7 {[%clk 0:27:07]} 45. Bc6
{[%clk 0:20:05]} Bxg3 {[%clk 0:17:56]} 46. Qxg3 {[%clk 0:17:31]} Qxg3+
{[%clk 0:18:09]} 47. Kxg3 {[%clk 0:17:56]} b4 {[%clk 0:18:36]} 48. Ba4
{[%clk 0:16:34]} Kf6 {[%clk 0:17:10]} 49. Kf4 {[%clk 0:12:38]} g5+
{[%clk 0:17:36]} 50. Kf3 {[%clk 0:12:30]} Ke5 {[%clk 0:17:44]} 51. Bc2
{[%clk 0:12:46]} f4 {[%clk 0:16:34]} 52. Bd1 {[%clk 0:12:13]} Kd4
{[%clk 0:16:25]} 53. Kg4 {[%clk 0:12:21]} Ke5 0-1

[Event "WCO 2016"]
[Site "?"]
[Date "2016.09.13"]
[Round "11"]
[Board "3"]
[WhiteID "922900"]
[White "Sedlak Nikola"]
[BlackID "1020854"]
[Black "Van Kampen Robin"]
[Result "1/2-1/2"]
[BlackElo "2640"]
[WhiteElo "2537"]
[LiveChessVersion "1.4.8"]

1. e4 {[%clk 1:30:48]} c5 {[%clk 1:30:51]} 2. Nc3 {[%clk 1:30:54]} d6
{[%clk 1:30:59]} 3. Nf3 {[%clk 1:30:35]} a6 {[%clk 1:31:22]} 4. g3
{[%clk 1:30:09]} Bg4 {[%clk 1:30:27]} 5. Bg2 {[%clk 1:29:42]} Nc6
{[%clk 1:30:51]} 6. h3 {[%clk 1:29:07]} Bxf3 {[%clk 1:31:10]} 7. Bxf3
{[%clk 1:29:20]} g6 {[%clk 1:30:54]} 8. d3 {[%clk 1:23:03]} Bg7 {[%clk 1:29:53]}
9. Be3 {[%clk 1:23:09]} Nf6 {[%clk 1:28:07]} 10. Qd2 {[%clk 1:22:26]} O-O
{[%clk 1:26:57]} 11. O-O {[%clk 1:19:19]} Nd7 {[%clk 1:24:57]} 12. Bg2
{[%clk 1:17:28]} Rc8 {[%clk 1:24:35]} 13. Bh6 {[%clk 1:07:52]} Bxh6
{[%clk 1:18:46]} 14. Qxh6 {[%clk 1:07:08]} Nd4 {[%clk 1:19:10]} 15. Qd2
{[%clk 1:06:50]} Qa5 {[%clk 1:17:59]} 16. f4 {[%clk 0:58:16]} Nb5
{[%clk 1:11:08]} 17. a4 {[%clk 0:43:27]} Nxc3 {[%clk 1:05:28]} 18. bxc3
{[%clk 0:39:15]} Rc7 {[%clk 1:03:36]} 19. Rae1 {[%clk 0:36:55]} e5
{[%clk 0:48:27]} 20. f5 {[%clk 0:36:15]} Kg7 {[%clk 0:48:00]} 21. g4
{[%clk 0:34:47]} f6 {[%clk 0:41:28]} 22. h4 {[%clk 0:33:56]} c4 {[%clk 0:30:26]}
23. d4 {[%clk 0:33:18]} exd4 {[%clk 0:28:47]} 24. Qxd4 {[%clk 0:33:43]} Qc5
{[%clk 0:24:43]} 25. g5 {[%clk 0:32:43]} Ne5 {[%clk 0:24:52]} 26. Rd1
{[%clk 0:31:20]} h6 {[%clk 0:19:19]} 27. Qxc5 {[%clk 0:30:19]} Rxc5
{[%clk 0:19:22]} 28. fxg6 {[%clk 0:14:03]} hxg5 {[%clk 0:18:58]} 29. hxg5
{[%clk 0:12:46]} Rc6 {[%clk 0:12:54]} 30. Rb1 {[%clk 0:10:12]} b6
{[%clk 0:11:40]} 31. gxf6+ {[%clk 0:07:10]} Rxf6 {[%clk 0:07:27]} 32. Rxf6
{[%clk 0:07:08]} Kxf6 {[%clk 0:07:50]} 33. Kf2 {[%clk 0:07:21]} Kxg6
{[%clk 0:06:45]} 34. Bh3 {[%clk 0:07:05]} Kf6 {[%clk 0:05:48]} 35. Ke3
{[%clk 0:07:29]} Ke7 {[%clk 0:05:54]} 36. Bf5 {[%clk 0:07:29]} Kd8
{[%clk 0:01:54]} 37. Be6 {[%clk 0:07:03]} Kc7 {[%clk 0:01:40]} 38. Bd5
{[%clk 0:06:42]} Rc5 {[%clk 0:02:05]} 39. Rh1 {[%clk 0:06:43]} Ra5
{[%clk 0:02:12]} 40. Rh7+ {[%clk 0:37:08]} Kd8 {[%clk 0:30:34]} 41. Kf4
{[%clk 0:35:19]} Nd7 {[%clk 0:27:38]} 42. Rh8+ {[%clk 0:25:58]} Kc7
{[%clk 0:18:43]} 43. Ra8 {[%clk 0:24:26]} Nc5 {[%clk 0:17:45]} 44. Ra7+
{[%clk 0:24:00]} Kb8 {[%clk 0:17:46]} 45. Rh7 {[%clk 0:23:23]} Nxa4
{[%clk 0:16:25]} 46. Kf5 {[%clk 0:23:10]} Nxc3 {[%clk 0:14:30]} 47. Ke6
{[%clk 0:21:18]} Nxe4 {[%clk 0:14:21]} 48. Rb7+ {[%clk 0:18:49]} Kc8
{[%clk 0:13:14]} 49. Re7 {[%clk 0:16:23]} Nc3 {[%clk 0:10:42]} 50. Re8+
{[%clk 0:15:33]} Kc7 {[%clk 0:11:03]} 51. Re7+ {[%clk 0:15:54]} Kd8
{[%clk 0:09:39]} 52. Rd7+ {[%clk 0:16:05]} Kc8 {[%clk 0:10:00]} 53. Bb7+
{[%clk 0:15:41]} Kb8 {[%clk 0:10:23]} 54. Kxd6 {[%clk 0:14:42]} Rh5
{[%clk 0:06:09]} 55. Bxa6 {[%clk 0:09:05]} Rh6+ {[%clk 0:02:54]} 56. Ke5
{[%clk 0:09:04]} b5 {[%clk 0:03:14]} 57. Kd4 {[%clk 0:07:35]} Ne2+
{[%clk 0:03:01]} 58. Kc5 {[%clk 0:07:58]} Rxa6 {[%clk 0:02:21]} 59. Kxb5
{[%clk 0:08:18]} Ra3 {[%clk 0:01:56]} 60. Rd2 {[%clk 0:06:39]} Nf4
{[%clk 0:02:18]} 61. Kxc4 {[%clk 0:06:49]} Kc7 {[%clk 0:02:38]} 62. Kb4
{[%clk 0:06:25]} Re3 {[%clk 0:02:58]} 63. Rd4 {[%clk 0:06:34]} Ne6
{[%clk 0:03:20]} 64. Rd3 {[%clk 0:06:54]} Re4+ {[%clk 0:03:45]} 65. Kc3
{[%clk 0:07:13]} Kc6 {[%clk 0:04:10]} 66. Rh3 {[%clk 0:07:29]} Nc5
{[%clk 0:04:28]} 67. Rh6+ {[%clk 0:07:24]} Kb5 {[%clk 0:04:48]} 68. Rh8
{[%clk 0:07:16]} Rc4+ {[%clk 0:04:42]} 69. Kd2 {[%clk 0:07:27]} Rg4
{[%clk 0:05:06]} 70. Kc3 {[%clk 0:07:19]} Na4+ {[%clk 0:03:57]} 71. Kd2
{[%clk 0:07:33]} Kc4 {[%clk 0:04:16]} 72. Rc8+ {[%clk 0:07:39]} Nc5
{[%clk 0:04:40]} 73. Kc1 {[%clk 0:07:49]} Kb4 {[%clk 0:04:29]} 74. Kb2
{[%clk 0:07:45]} Na4+ {[%clk 0:04:35]} 75. Kc1 {[%clk 0:08:01]} Nb6
{[%clk 0:04:32]} 76. Rd8 {[%clk 0:07:44]} Rh4 {[%clk 0:03:35]} 77. Rb8
{[%clk 0:05:08]} Kc3 {[%clk 0:03:47]} 78. Rd8 {[%clk 0:05:31]} Na4
{[%clk 0:03:25]} 79. Rc8+ {[%clk 0:05:33]} Kb4 {[%clk 0:03:49]} 80. Rb8+
{[%clk 0:05:54]} Kc4 {[%clk 0:02:57]} 81. Rc8+ {[%clk 0:03:58]} Nc5
{[%clk 0:03:22]} 82. Kb2 {[%clk 0:04:05]} Rh1 {[%clk 0:03:42]} 83. Ra8
{[%clk 0:04:03]} Rh7 {[%clk 0:03:06]} 84. Rc8 {[%clk 0:04:03]} Rb7+
{[%clk 0:03:21]} 85. Kc1 {[%clk 0:04:25]} Kb4 {[%clk 0:03:46]} 86. Kb2
{[%clk 0:04:21]} Na4+ {[%clk 0:03:54]} 87. Kc1 {[%clk 0:04:41]} Ka3
{[%clk 0:04:10]} 88. Ra8 {[%clk 0:04:46]} Rh7 {[%clk 0:04:04]} 89. Kd2
{[%clk 0:04:57]} Rh4 {[%clk 0:02:03]} 90. Kc1 {[%clk 0:04:45]} Ka2
{[%clk 0:02:21]} 91. Kd2 {[%clk 0:04:57]} Kb1 {[%clk 0:02:33]} 92. Rb8+
{[%clk 0:03:22]} Nb2 {[%clk 0:02:57]} 93. Re8 {[%clk 0:03:36]} Rh2+
{[%clk 0:01:48]} 94. Re2 {[%clk 0:03:42]} Rh8 {[%clk 0:02:09]} 95. Re1+
{[%clk 0:03:57]} Ka2 {[%clk 0:02:33]} 96. Kc1 {[%clk 0:03:34]} Nc4
{[%clk 0:02:52]} 97. Kd1 {[%clk 0:02:42]} Kb2 {[%clk 0:02:52]} 98. Ke2
{[%clk 0:02:54]} Kxc2 {[%clk 0:03:07]} 99. Kf3 {[%clk 0:03:12]} Rh4
{[%clk 0:03:07]} 100. Re8 {[%clk 0:03:27]} Rd4 {[%clk 0:03:16]} 101. Re2+
{[%clk 0:03:06]} Kd3 {[%clk 0:03:39]} 102. Re8 {[%clk 0:03:32]} Nd2+
{[%clk 0:04:00]} 103. Kg3 {[%clk 0:03:48]} Nf1+ {[%clk 0:03:44]} 104. Kf3
{[%clk 0:03:57]} Rd7 {[%clk 0:03:24]} 105. Kf4 {[%clk 0:04:17]} Rf7+
{[%clk 0:03:47]} 106. Ke5 {[%clk 0:04:41]} Ng3 {[%clk 0:04:03]} 107. Kd5
{[%clk 0:04:45]} Rh7 {[%clk 0:04:06]} 108. Ke5 {[%clk 0:04:45]} Ne4
{[%clk 0:04:23]} 109. Ra8 {[%clk 0:04:56]} Rh5+ {[%clk 0:04:13]} 110. Kf4
{[%clk 0:05:18]} Nc5 {[%clk 0:04:27]} 1/2-1/2

[Event "WCO 2016"]
[Site "?"]
[Date "2016.09.13"]
[Round "11"]
[Board "4"]
[WhiteID "1017063"]
[White "Bok Benjamin"]
[BlackID "901504"]
[Black "Markovic Miroslav"]
[Result "1-0"]
[BlackElo "2459"]
[WhiteElo "2592"]
[LiveChessVersion "1.4.8"]

1. d4 {[%clk 1:30:57]} Nf6 {[%clk 1:30:47]} 2. c4 {[%clk 1:31:21]} g6
{[%clk 1:31:01]} 3. g3 {[%clk 1:31:47]} Bg7 {[%clk 1:31:08]} 4. Bg2
{[%clk 1:32:12]} O-O {[%clk 1:31:28]} 5. Nc3 {[%clk 1:32:39]} d6 {[%clk 1:31:42]}
6. Nf3 {[%clk 1:33:05]} Nc6 {[%clk 1:31:03]} 7. O-O {[%clk 1:33:30]} Bg4
{[%clk 1:31:24]} 8. d5 {[%clk 1:33:57]} Na5 {[%clk 1:31:45]} 9. b3
{[%clk 1:34:22]} c5 {[%clk 1:32:03]} 10. Bb2 {[%clk 1:23:05]} a6 {[%clk 1:31:43]}
11. Nd2 {[%clk 1:20:34]} Rb8 {[%clk 1:32:01]} 12. Qc2 {[%clk 1:11:13]} b5
{[%clk 1:32:06]} 13. Rfe1 {[%clk 1:10:55]} Qc7 {[%clk 1:31:30]} 14. Nd1
{[%clk 1:06:18]} e5 {[%clk 1:30:50]} 15. e4 {[%clk 0:59:08]} bxc4
{[%clk 1:26:29]} 16. bxc4 {[%clk 0:58:17]} Bd7 {[%clk 1:26:41]} 17. Bc3
{[%clk 0:58:17]} Ng4 {[%clk 1:25:41]} 18. f3 {[%clk 0:50:09]} Nh6
{[%clk 1:25:54]} 19. Nf2 {[%clk 0:41:33]} f5 {[%clk 1:14:28]} 20. f4
{[%clk 0:41:23]} fxe4 {[%clk 1:13:27]} 21. Nfxe4 {[%clk 0:39:55]} Nb7
{[%clk 1:10:45]} 22. fxe5 {[%clk 0:37:03]} dxe5 {[%clk 1:10:29]} 23. Rab1
{[%clk 0:36:58]} Nf5 {[%clk 1:10:37]} 24. Qb2 {[%clk 0:35:38]} Nbd6
{[%clk 0:46:04]} 25. Qa3 {[%clk 0:36:02]} Rxb1 {[%clk 0:46:19]} 26. Rxb1
{[%clk 0:36:17]} Nxe4 {[%clk 0:35:06]} 27. Nxe4 {[%clk 0:34:57]} Nd4
{[%clk 0:31:33]} 28. Ba5 {[%clk 0:28:10]} Qc8 {[%clk 0:28:13]} 29. Qxc5
{[%clk 0:27:06]} Qe8 {[%clk 0:28:13]} 30. Qc7 {[%clk 0:09:54]} Bc8
{[%clk 0:19:19]} 31. Bb4 {[%clk 0:08:06]} Rf7 {[%clk 0:19:02]} 32. Qa5
{[%clk 0:06:20]} Bf8 {[%clk 0:11:45]} 33. Bxf8 {[%clk 0:03:55]} Rxf8
{[%clk 0:11:53]} 34. d6 {[%clk 0:03:10]} Kg7 {[%clk 0:08:31]} 35. Re1
{[%clk 0:01:30]} Bg4 {[%clk 0:03:40]} 36. Nc3 {[%clk 0:00:34]} Rf5
{[%clk 0:03:47]} 37. Qc7+ {[%clk 0:00:45]} Rf7 {[%clk 0:04:08]} 38. Qc5
{[%clk 0:00:47]} Rf5 {[%clk 0:04:13]} 39. Qd5 {[%clk 0:00:32]} Bf3
{[%clk 0:01:18]} 40. Qxd4 {[%clk 0:30:31]} exd4 {[%clk 0:31:44]} 41. Rxe8
{[%clk 0:30:55]} dxc3 {[%clk 0:31:57]} 42. d7 {[%clk 0:27:44]} c2
{[%clk 0:32:23]} 43. Re1 {[%clk 0:28:10]} 1-0

[Event "WCO 2016"]
[Site "?"]
[Date "2016.09.13"]
[Round "11"]
[Board "1"]
[WhiteID "13402935"]
[White "Durarbayli Vasif"]
[BlackID "3301478"]
[Black "Gemy Jose Daniel"]
[Result "0-1"]
[BlackElo "2384"]
[WhiteElo "2612"]
[LiveChessVersion "1.4.8"]

1. e4 {[%clk 1:30:57]} e5 {[%clk 1:30:45]} 2. Nf3 {[%clk 1:31:20]} Nc6
{[%clk 1:31:04]} 3. Bb5 {[%clk 1:31:46]} Nf6 {[%clk 1:31:21]} 4. d3
{[%clk 1:32:10]} Bc5 {[%clk 1:31:25]} 5. c3 {[%clk 1:32:34]} O-O {[%clk 1:31:26]}
6. O-O {[%clk 1:32:57]} d6 {[%clk 1:29:59]} 7. Re1 {[%clk 1:32:40]} Ne7
{[%clk 1:25:53]} 8. d4 {[%clk 1:33:04]} Bb6 {[%clk 1:22:43]} 9. Bd3
{[%clk 1:33:25]} Ng6 {[%clk 1:22:06]} 10. Qc2 {[%clk 1:28:07]} c6
{[%clk 1:21:25]} 11. h3 {[%clk 1:25:58]} Nh5 {[%clk 1:11:03]} 12. Bg5
{[%clk 1:24:27]} Qe8 {[%clk 1:10:25]} 13. Be3 {[%clk 1:24:20]} Nhf4
{[%clk 1:08:24]} 14. Bf1 {[%clk 1:24:37]} f5 {[%clk 1:03:57]} 15. Nbd2
{[%clk 1:18:38]} Nxh3+ {[%clk 1:00:49]} 16. gxh3 {[%clk 1:18:56]} f4
{[%clk 1:01:15]} 17. Bg2 {[%clk 1:07:15]} Qe7 {[%clk 0:57:13]} 18. Rf1
{[%clk 1:01:57]} fxe3 {[%clk 0:51:02]} 19. fxe3 {[%clk 1:02:19]} Be6
{[%clk 0:51:26]} 20. Kh2 {[%clk 0:54:34]} Rf7 {[%clk 0:49:56]} 21. Qd3
{[%clk 0:50:32]} Raf8 {[%clk 0:49:47]} 22. d5 {[%clk 0:50:32]} cxd5
{[%clk 0:48:20]} 23. exd5 {[%clk 0:51:00]} Bf5 {[%clk 0:48:41]} 24. Ne4
{[%clk 0:50:40]} Nh4 {[%clk 0:45:12]} 25. Rae1 {[%clk 0:35:28]} Nxf3+
{[%clk 0:35:55]} 26. Rxf3 {[%clk 0:35:43]} Qh4 {[%clk 0:36:20]} 27. Rg3
{[%clk 0:34:28]} Bd8 {[%clk 0:29:08]} 28. Re2 {[%clk 0:26:27]} Qh6
{[%clk 0:17:58]} 29. Rf3 {[%clk 0:24:16]} Qg6 {[%clk 0:14:36]} 30. Rg3
{[%clk 0:24:15]} Qh6 {[%clk 0:12:10]} 31. Rf3 {[%clk 0:24:41]} Bh4
{[%clk 0:08:39]} 32. c4 {[%clk 0:17:20]} Qg6 {[%clk 0:01:40]} 33. Rxf5
{[%clk 0:17:32]} Rxf5 {[%clk 0:02:00]} 34. Rc2 {[%clk 0:17:15]} b6
{[%clk 0:01:26]} 35. b4 {[%clk 0:17:44]} Rg5 {[%clk 0:01:09]} 36. Rd2
{[%clk 0:15:46]} Bg3+ {[%clk 0:01:19]} 37. Kh1 {[%clk 0:15:10]} Be1
{[%clk 0:01:07]} 38. Nxg5 {[%clk 0:14:23]} Bxd2 {[%clk 0:00:52]} 39. Qxg6
{[%clk 0:11:29]} hxg6 {[%clk 0:01:22]} 40. c5 {[%clk 0:41:58]} bxc5
{[%clk 0:31:10]} 41. bxc5 {[%clk 0:40:37]} Bxe3 {[%clk 0:30:19]} 42. Ne6
{[%clk 0:40:57]} Rb8 {[%clk 0:30:35]} 43. cxd6 {[%clk 0:40:06]} Rb1+
{[%clk 0:30:22]} 44. Kh2 {[%clk 0:40:34]} Bf4+ {[%clk 0:30:48]} 45. Nxf4
{[%clk 0:40:55]} exf4 {[%clk 0:31:15]} 46. d7 {[%clk 0:36:42]} Rb8
{[%clk 0:31:41]} 47. d6 {[%clk 0:37:11]} Kf7 {[%clk 0:32:02]} 48. Bb7
{[%clk 0:37:33]} Rd8 {[%clk 0:32:28]} 49. Bc8 {[%clk 0:37:42]} g5
{[%clk 0:32:50]} 0-1

[Event "WCO 2016"]
[Site "?"]
[Date "2016.09.13"]
[Round "11"]
[Board "2"]
[WhiteID "3303187"]
[White "Aguilar Luis Miguel"]
[BlackID "13402960"]
[Black "Abasov Nijat"]
[Result "0-1"]
[BlackElo "2552"]
[WhiteElo "2301"]
[LiveChessVersion "1.4.8"]

1. g3 {[%clk 1:30:53]} d5 {[%clk 1:30:55]} 2. Bg2 {[%clk 1:31:19]} Nf6
{[%clk 1:31:21]} 3. c4 {[%clk 1:31:44]} dxc4 {[%clk 1:31:39]} 4. Qa4+
{[%clk 1:31:58]} Bd7 {[%clk 1:32:06]} 5. Qxc4 {[%clk 1:32:21]} Nc6
{[%clk 1:32:34]} 6. Nf3 {[%clk 1:32:28]} e5 {[%clk 1:32:59]} 7. O-O
{[%clk 1:31:55]} Be7 {[%clk 1:28:37]} 8. d3 {[%clk 1:28:51]} O-O {[%clk 1:28:51]}
9. a3 {[%clk 1:29:08]} a5 {[%clk 1:26:18]} 10. b3 {[%clk 1:29:06]} Be6
{[%clk 1:22:21]} 11. Qc2 {[%clk 1:28:59]} Nd4 {[%clk 1:21:27]} 12. Nxd4
{[%clk 1:27:33]} exd4 {[%clk 1:21:51]} 13. Nd2 {[%clk 1:16:42]} Nd5
{[%clk 1:13:19]} 14. Nc4 {[%clk 0:56:19]} c5 {[%clk 1:08:56]} 15. Bd2
{[%clk 0:45:29]} b5 {[%clk 1:03:05]} 16. Nb2 {[%clk 0:45:41]} Rc8
{[%clk 1:02:43]} 17. a4 {[%clk 0:45:03]} b4 {[%clk 1:03:08]} 18. Nc4
{[%clk 0:44:31]} Nc3 {[%clk 1:03:32]} 19. e4 {[%clk 0:32:14]} dxe3
{[%clk 1:00:45]} 20. fxe3 {[%clk 0:24:04]} Bf6 {[%clk 0:59:15]} 21. Rae1
{[%clk 0:23:33]} Re8 {[%clk 0:56:36]} 22. Rf2 {[%clk 0:20:15]} h5
{[%clk 0:56:37]} 23. Ref1 {[%clk 0:19:44]} h4 {[%clk 0:51:01]} 24. Rxf6
{[%clk 0:12:58]} gxf6 {[%clk 0:51:28]} 25. Bxc3 {[%clk 0:13:18]} bxc3
{[%clk 0:51:55]} 26. Qxc3 {[%clk 0:13:23]} Bxc4 {[%clk 0:50:10]} 27. dxc4
{[%clk 0:12:50]} hxg3 {[%clk 0:50:31]} 28. hxg3 {[%clk 0:04:43]} Re5
{[%clk 0:50:15]} 29. Bd5 {[%clk 0:03:37]} Qd6 {[%clk 0:50:08]} 30. e4
{[%clk 0:02:24]} Kg7 {[%clk 0:50:13]} 31. Qf3 {[%clk 0:00:46]} Rh8
{[%clk 0:49:22]} 32. Qf4 {[%clk 0:00:43]} Qe7 {[%clk 0:49:16]} 33. g4
{[%clk 0:00:40]} Rg5 {[%clk 0:48:43]} 34. Kg2 {[%clk 0:00:34]} f5
{[%clk 0:48:59]} 0-1